000 00599nam a2200145Ia 4500
008 180921t xxu||||| ||||o00| 0 eng d
041 _aeng
080 _aThe Ordinances Of Ceylon 1946
245 _aordinance No.15 of 1946. L.D.-O. 21/46.No.1/4/73 (FSO) An ordinance To Amend The Export Duties ( Continution of Increased Rates ) ordinance, No.9 of 1945.[ Date of Governor's Assent : June 7,1946.] [ Date of Governor's Assent : June 7,1946 ]
300 _a23 cm
650 _aExport Duties ( Continution Of Increased Rates
942 _cBK
999 _c49705
_d49705
003 LK-CoDNM
040 _aLK-CoDNM
_dLK-CoDNM
_eLK-CoDNM